<?xml version="1.0" encoding="UTF-8"?><?xml-stylesheet type="text/xsl" href="static/style.xsl"?><OAI-PMH xmlns="http://www.openarchives.org/OAI/2.0/" xmlns:xsi="http://www.w3.org/2001/XMLSchema-instance" xsi:schemaLocation="http://www.openarchives.org/OAI/2.0/ http://www.openarchives.org/OAI/2.0/OAI-PMH.xsd"><responseDate>2026-06-29T02:27:25Z</responseDate><request verb="GetRecord" identifier="oai:docta.ucm.es:20.500.14352/50640" metadataPrefix="marc">https://docta.ucm.es/rest/oai/request</request><GetRecord><record><header><identifier>oai:docta.ucm.es:20.500.14352/50640</identifier><datestamp>2025-04-09T18:01:35Z</datestamp><setSpec>com_20.500.14352_14</setSpec><setSpec>col_20.500.14352_15</setSpec></header><metadata><record xmlns="http://www.loc.gov/MARC21/slim" xmlns:dcterms="http://purl.org/dc/terms/" xmlns:xsi="http://www.w3.org/2001/XMLSchema-instance" xmlns:doc="http://www.lyncode.com/xoai" xsi:schemaLocation="http://www.loc.gov/MARC21/slim http://www.loc.gov/standards/marcxml/schema/MARC21slim.xsd">
   <leader>00925njm 22002777a 4500</leader>
   <datafield ind2=" " ind1=" " tag="042">
      <subfield code="a">dc</subfield>
   </datafield>
   <datafield ind2=" " ind1=" " tag="720">
      <subfield code="a">Ernst, M. H.</subfield>
      <subfield code="e">author</subfield>
   </datafield>
   <datafield ind2=" " ind1=" " tag="720">
      <subfield code="a">Brito López, Ricardo</subfield>
      <subfield code="e">author</subfield>
   </datafield>
   <datafield ind2=" " ind1=" " tag="260">
      <subfield code="c">2005-12</subfield>
   </datafield>
   <datafield ind2=" " ind1=" " tag="520">
      <subfield code="a">We present a generalization of the Green-Kubo expressions for thermal transport coefficients mu in complex fluids of the generic form mu=mu(infinity)+integral(infinity)(0) dtV(-1)&lt; J(epsilon)exp(tL)J >(0), i.e. a sum of an instantaneous transport coefficient mu(infinity), and a time integral over a time correlation function in a state of thermal equilibrium between a current J and its conjugate current J(epsilon). The streaming operator exp(tL) generates the trajectory of a dynamical variable J(t)=exp(tL)J when used inside the thermal average &lt;(...)>(0). These formulas are valid for conservative, impulsive (hard spheres), stochastic, and dissipative forces (Langevin fluids), provided the system approaches a thermal equilibrium state. In general mu(infinity)not equal 0 and J(epsilon)not equal J, except for the case of conservative forces, where the equality signs apply. The most important application in the present paper is the hard sphere fluid.</subfield>
   </datafield>
   <datafield ind1="8" ind2=" " tag="024">
      <subfield code="a">1539-3755</subfield>
   </datafield>
   <datafield ind1="8" ind2=" " tag="024">
      <subfield code="a">10.1103/PhysRevE.72.061102</subfield>
   </datafield>
   <datafield ind1="8" ind2=" " tag="024">
      <subfield code="a">https://hdl.handle.net/20.500.14352/50640</subfield>
   </datafield>
   <datafield ind1="8" ind2=" " tag="024">
      <subfield code="a">http://pre.aps.org/pdf/PRE/v72/i6/e061102</subfield>
   </datafield>
   <datafield ind1="8" ind2=" " tag="024">
      <subfield code="a">http://pre.aps.org/</subfield>
   </datafield>
   <datafield ind1="8" ind2=" " tag="024">
      <subfield code="a">http://igitur-archive.library.uu.nl/phys/2006-1125-200635/ernst_05_generalized.pdf</subfield>
   </datafield>
   <datafield ind2="0" ind1="0" tag="245">
      <subfield code="a">Generalized Green-Kubo formulas for fluids with impulsive, dissipative, stochastic, and conservative interactions</subfield>
   </datafield>
</record></metadata></record></GetRecord></OAI-PMH>